000 00871nam a2200229 a 4500
005 20090825135940.0
008 850322s1983 ii b 001 0 eng
010 _aENG-94864
020 _c95.00
_a9788178794556
035 _aEN-78397
037 _bDBAD / PUB
040 _adpl
_bEnglish
082 _a796.346
100 _aNarang, Priyanka
245 _aTeach yourself table tennis /
_cby Priyanka Narang
260 _aNew Delhi
_bSports Publication
_c2007
270 _aG-6, 23/23-B, EMCA House, Ansari Road, Daryaganj,
_bNew Delhi
_e110002
300 _a68p.:
_c22cm(Hb)
_bill.
650 _aTable tennis
_xStudy and teaching
942 _2ddc
_cEN
_mNAR
_h796.346
999 _c29566
_d29566